Methods in membrane biology

Bewaard in:
Bibliografische gegevens
Hoofdauteur: Korn, Edward D.
Formaat: Boek
Taal:Undetermined
Gepubliceerd in: New York Plenum Press 1974
Onderwerpen:
Tags: Voeg label toe
Geen labels, Wees de eerste die dit record labelt!
Thư viện lưu trữ: Trung tâm Học liệu Trường Đại học Cần Thơ
LEADER 00469nam a2200181Ia 4500
001 CTU_76754
008 210402s9999 xx 000 0 und d
082 |a 574.875 
082 |b K84/Vol.6 
100 |a Korn, Edward D. 
245 0 |a Methods in membrane biology 
245 0 |c Edward D. Korn 
260 |a New York 
260 |b Plenum Press 
260 |c 1974 
650 |a Biology 
904 |i Trúc,Hải 
980 |a Trung tâm Học liệu Trường Đại học Cần Thơ